000 00642nam a2200205Ia 4500
005 20250508152444.0
008 008 250505s9999 xx 000 0 eng d
037 _aTextual
040 _aFEDL
_beng
_cFEDL
041 _aeng
_2eng
084 _a330, COA
_qFEDL
100 _aCoale Ansley J.
245 0 _aPopulation growth and economics development in low-income countries : A case study of India's prospects
260 _aAmen House, London
_bOxford University Press
_c1959
300 _axxi,389p.
650 _aEconomics
700 _a Hoover Edgar M.
_9761524
942 _cTEXL
_h330, COA
999 _c1336535
_d1336535